| Record ID | ia:nightynightmare0000howe |
| Source | Internet Archive |
| Download MARC XML | https://archive.org/download/nightynightmare0000howe/nightynightmare0000howe_marc.xml |
| Download MARC binary | https://www.archive.org/download/nightynightmare0000howe/nightynightmare0000howe_meta.mrc |
LEADER: 01477cam a2200445Ma 4500
001 on1048191320
003 OCoLC
005 20191109071512.5
008 860904t19871986nyu j 000 1 eng d
010 $a 86022334
040 $aERR$beng$cERR$dOCLCO$dOCLCF$dWYU$dOCLCQ
020 $a0689312075
020 $a9780689312076
035 $a(OCoLC)1048191320
050 0 $aPZ7.H83727$bNk 1987
082 0 $a[Fic]$219
049 $aMAIN
100 1 $aHowe, James,$d1946-
245 10 $aNighty-nightmare /$cby James Howe.
250 $a1st ed.
260 $aNew York :$bAtheneum,$c1987, ©1986.
300 $a1 volume ;$c122 pages, 22 cm
336 $atext$btxt$2rdacontent
337 $aunmediated$bn$2rdamedia
338 $avolume$bnc$2rdacarrier
500 $a"A Jean Karl book."
520 $aWhen scary strangers appear at the Monroes' overnight campsite, Chester the cat tries to convince the family's two dogs that foul play is intended.
590 $bInternet Archive - 2
590 $bInternet Archive 2
650 0 $aCamping$vFiction.
650 0 $aCats$vFiction.
650 0 $aDogs$vFiction.
650 0 $aDetective and mystery stories.
650 7 $aCamping.$2fast$0(OCoLC)fst00844926
650 7 $aCats.$2fast$0(OCoLC)fst00849374
650 7 $aDetective and mystery stories.$2fast$0(OCoLC)fst00891461
650 7 $aDogs.$2fast$0(OCoLC)fst00896265
655 7 $aFiction.$2fast$0(OCoLC)fst01423787
994 $a92$bERR
976 $a31927000661790